000 00516nam a2200181Ia 4500
008 090124s9999 xx 000 0 und d
082 _b27357
_a762
100 _aधनवटकर सुधीर
245 _a उगवती पूर्व
250 _a1
260 _c1993
300 _a98
600 _aधनवटकर सुधीर
630 _a उगवती पूर्व
700 _aधनवटकर सुधीर
730 _a उगवती पूर्व
942 _cBOOK
999 _c140822
_d140822